Operating Research (Record no. 67156)

MARC details
000 -LEADER
fixed length control field 00223nam a22001097a 4500
082 ## - DEWEY DECIMAL CLASSIFICATION NUMBER
Classification number 658.4034PAN
100 ## - MAIN ENTRY--AUTHOR NAME
Personal name Panneerrsel Vam.R
245 ## - TITLE STATEMENT
Title Operating Research
260 ## - PUBLICATION, DISTRIBUTION, ETC. (IMPRINT)
Place of publication Pakistan
Year of publication 2012
300 ## - PHYSICAL DESCRIPTION
Number of Pages 608p
942 ## - ADDED ENTRY ELEMENTS (KOHA)
Koha item type Books
Holdings
Withdrawn status Lost status Home library Current library Date acquired Full call number Accession Number Koha item type
    Central Library, QUEST, Nawabshah Central Library, QUEST, Nawabshah 09/08/2021 658.4034PAN D2066 Books